=LDR 00000nam 2200000 4500 =001 INLIS000000000033931 =005 20130612135846 =008 ***********************************ind** =035 ##$$0010-061300000033931 =041 ##$$a ind =082 ##$$a 636.59 =090 ##$$a 636.59, Lis p =100 ##$$a Listiowati, Elly =245 ##$$a Puyuh, Tata laksana budidaya secara komersial, Elly listiyowati, kinanti roos pitasari =260 ##$$a 1995 $b Jakarta =300 ##$$a xi,118 hlm, Ilus, 21 cm =850 ##$$a NBPNMAT